[Event "Jamshedpur Abled op 4th"]
[Site "Jamshedpur"]
[Date "2024.06.28"]
[Round "8"]
[White "Pratham, Poddar"]
[Black "Ramesh, Majji"]
[Result "1-0"]
[WhiteElo "1596"]
[BlackElo "1537"]
[PlyCount "129"]
[EventDate "2024.06.25"]
[EventType "swiss"]
[EventRounds "9"]
[EventCountry "IND"]
[SourceTitle "EXT 2025"]
[Source "ChessBase"]
[SourceDate "2024.10.14"]
[SourceVersion "1"]
[SourceVersionDate "2024.10.14"]
[SourceQuality "1"]

1. e4 e5 2. Nf3 Nc6 3. Bc4 h6 4. d4 exd4 5. Nxd4 Bc5 6. Bxf7+ Kxf7 7. Qh5+ Kf8 8. Qxc5+ Nge7 9. Nc3 d6 10. Qc4 Ne5 11. Qe2 Qe8 12. Be3 Qg6 13. 0-0-0 a6 14. h3 Kg8 15. f4 N5c6 16. f5 Qf6 17. Qc4+ Kh7 18. Nd5 Nxd5 19. Qxd5 Bd7 20. g4 Rhf8 21. Nf3 g5 22. fxg6+ Qxg6 23. Rdf1 Nb4 24. Qb3 c5 25. Nh4 Qxe4 26. Rf7+ Kg8 27. Re7+ Be6 28. Qxe6+ Qxe6 29. Rxe6 Rf7 30. Nf5 Nxa2+ 31. Kb1 Rc7 32. Kxa2 b5 33. Nxh6+ Kg7 34. Nf5+ Kf7 35. Rxd6 c4 36. Rhd1 b4 37. Rd7+ Rxd7 38. Rxd7+ Ke6 39. Re7+ Kd5 40. Rd7+ Ke6 41. Rd6+ Ke5 42. Rc6 b3+ 43. cxb3 cxb3+ 44. Kxb3 a5 45. Kc4 Ke4 46. Bd2 a4 47. Bc3 Kf4 48. Kb5 a3 49. bxa3 Rxa3 50. Rc4+ Kg5 51. h4+ Kg6 52. Rc6+ Kh7 53. g5 Rb3+ 54. Kc4 Ra3 55. Rh6+ Kg8 56. Ne7+ Kf7 57. g6+ Kxe7 58. Bb4+ Kf6 59. Bxa3 Kg7 60. Rh5 Kxg6 61. Rg5+ Kh6 62. Kd5 Kh7 63. Ke6 Kh6 64. Kf7 Kh7 65. Rh5# 1-0